<?xml version="1.0" encoding="UTF-8"?>
<record
    xmlns:xsi="http://www.w3.org/2001/XMLSchema-instance"
    xsi:schemaLocation="http://www.loc.gov/MARC21/slim http://www.loc.gov/standards/marcxml/schema/MARC21slim.xsd"
    xmlns="http://www.loc.gov/MARC21/slim">

  <leader>00910nas a2200253 454500</leader>
  <controlfield tag="001">33310</controlfield>
  <controlfield tag="005">20260407193508.0</controlfield>
  <controlfield tag="008">260407s1979####ag###########|||spa#d</controlfield>
  <controlfield tag="003">AR-UNSa-BCEJYS</controlfield>
  <datafield tag="040" ind1=" " ind2=" ">
    <subfield code="a">AR-UNSa-BCEJYS</subfield>
    <subfield code="b">spa</subfield>
    <subfield code="c">AR-UNSa-BCEJYS</subfield>
  </datafield>
  <datafield tag="080" ind1=" " ind2=" ">
    <subfield code="a">336.71</subfield>
    <subfield code="x">Bancos. Sistema bancario </subfield>
  </datafield>
  <datafield tag="245" ind1="1" ind2="0">
    <subfield code="a">Serie de trabajos metodol&#xF3;gicos y sectoriales</subfield>
  </datafield>
  <datafield tag="264" ind1=" " ind2="1">
    <subfield code="a">Buenos Aires :</subfield>
    <subfield code="b">Banco Central de la Rep&#xFA;blica Argentina</subfield>
    <subfield code="c">1979</subfield>
  </datafield>
  <datafield tag="310" ind1=" " ind2=" ">
    <subfield code="a">Frecuencia: Irregular</subfield>
  </datafield>
  <datafield tag="041" ind1=" " ind2=" ">
    <subfield code="a">spa</subfield>
  </datafield>
  <datafield tag="942" ind1=" " ind2=" ">
    <subfield code="c">SER</subfield>
  </datafield>
  <datafield tag="590" ind1=" " ind2=" ">
    <subfield code="a">niveau_biblio:s niveau_hierar:1</subfield>
  </datafield>
  <datafield tag="100" ind1="1" ind2=" ">
    <subfield code="a">Banco Central de la Rep&#xFA;blica Argentina. Gerencia de Investigaciones y Estad&#xED;sticas Econ&#xF3;micas</subfield>
  </datafield>
  <datafield tag="650" ind1=" " ind2=" ">
    <subfield code="a">Estad&#xED;sticas econ&#xF3;micas</subfield>
  </datafield>
  <datafield tag="650" ind1=" " ind2=" ">
    <subfield code="a">Investigaci&#xF3;n econ&#xF3;mica</subfield>
  </datafield>
  <datafield tag="650" ind1=" " ind2=" ">
    <subfield code="a">BANCO CENTRAL</subfield>
  </datafield>
  <datafield tag="650" ind1=" " ind2=" ">
    <subfield code="a">FINANCIAMIENTO</subfield>
  </datafield>
  <datafield tag="856" ind1="4" ind2="1">
    <subfield code="u">https://biblioeco.unsa.edu.ar/pmb/images/revistas/BCR.jpg</subfield>
    <subfield code="y">Imagen de portada</subfield>
    <subfield code="q">image/jpeg</subfield>
  </datafield>
  <datafield tag="999" ind1=" " ind2=" ">
    <subfield code="c">8732</subfield>
    <subfield code="d">8732</subfield>
  </datafield>
  <datafield tag="952" ind1=" " ind2=" ">
    <subfield code="0">0</subfield>
    <subfield code="1">0</subfield>
    <subfield code="4">0</subfield>
    <subfield code="7">0</subfield>
    <subfield code="a">BCEJYS</subfield>
    <subfield code="b">BCEJYS</subfield>
    <subfield code="c">17</subfield>
    <subfield code="d">1985-09-01</subfield>
    <subfield code="h">N&#xBA; 28 - sep. 1985</subfield>
    <subfield code="l">0</subfield>
    <subfield code="o">H336.71 MET 28</subfield>
    <subfield code="p">R16752</subfield>
    <subfield code="r">2026-04-10 16:09:18</subfield>
    <subfield code="w">2026-04-10</subfield>
    <subfield code="y">RN</subfield>
  </datafield>
  <datafield tag="952" ind1=" " ind2=" ">
    <subfield code="0">0</subfield>
    <subfield code="1">0</subfield>
    <subfield code="4">0</subfield>
    <subfield code="7">0</subfield>
    <subfield code="a">BCEJYS</subfield>
    <subfield code="b">BCEJYS</subfield>
    <subfield code="c">17</subfield>
    <subfield code="d">1985-01-01</subfield>
    <subfield code="h">N&#xBA; 27 - ene. 1985</subfield>
    <subfield code="l">0</subfield>
    <subfield code="o">H336.71 MET 27</subfield>
    <subfield code="p">R16751</subfield>
    <subfield code="r">2026-04-10 16:09:18</subfield>
    <subfield code="w">2026-04-10</subfield>
    <subfield code="y">RN</subfield>
  </datafield>
  <datafield tag="952" ind1=" " ind2=" ">
    <subfield code="0">0</subfield>
    <subfield code="1">0</subfield>
    <subfield code="4">0</subfield>
    <subfield code="7">0</subfield>
    <subfield code="a">BCEJYS</subfield>
    <subfield code="b">BCEJYS</subfield>
    <subfield code="c">17</subfield>
    <subfield code="d">1984-02-01</subfield>
    <subfield code="h">N&#xBA; 26 - feb. 1984</subfield>
    <subfield code="l">0</subfield>
    <subfield code="o">H336.71 MET 26</subfield>
    <subfield code="p">R16750</subfield>
    <subfield code="r">2026-04-10 16:09:18</subfield>
    <subfield code="w">2026-04-10</subfield>
    <subfield code="y">RN</subfield>
  </datafield>
  <datafield tag="952" ind1=" " ind2=" ">
    <subfield code="0">0</subfield>
    <subfield code="1">0</subfield>
    <subfield code="4">0</subfield>
    <subfield code="7">0</subfield>
    <subfield code="a">BCEJYS</subfield>
    <subfield code="b">BCEJYS</subfield>
    <subfield code="c">17</subfield>
    <subfield code="d">1983-08-01</subfield>
    <subfield code="h">N&#xBA; 25 - ago. 1983</subfield>
    <subfield code="l">0</subfield>
    <subfield code="o">H336.71 MET 25</subfield>
    <subfield code="p">R16749</subfield>
    <subfield code="r">2026-04-10 16:09:18</subfield>
    <subfield code="w">2026-04-10</subfield>
    <subfield code="y">RN</subfield>
  </datafield>
  <datafield tag="952" ind1=" " ind2=" ">
    <subfield code="0">0</subfield>
    <subfield code="1">0</subfield>
    <subfield code="4">0</subfield>
    <subfield code="7">0</subfield>
    <subfield code="a">BCEJYS</subfield>
    <subfield code="b">BCEJYS</subfield>
    <subfield code="c">17</subfield>
    <subfield code="d">1983-06-01</subfield>
    <subfield code="h">N&#xBA; 24 - jul. 1983</subfield>
    <subfield code="l">0</subfield>
    <subfield code="o">H336.71 MET 24</subfield>
    <subfield code="p">R16748</subfield>
    <subfield code="r">2026-04-10 16:09:18</subfield>
    <subfield code="w">2026-04-10</subfield>
    <subfield code="y">RN</subfield>
  </datafield>
  <datafield tag="952" ind1=" " ind2=" ">
    <subfield code="0">0</subfield>
    <subfield code="1">0</subfield>
    <subfield code="4">0</subfield>
    <subfield code="7">0</subfield>
    <subfield code="a">BCEJYS</subfield>
    <subfield code="b">BCEJYS</subfield>
    <subfield code="c">17</subfield>
    <subfield code="d">1983-03-01</subfield>
    <subfield code="h">N&#xBA; 23 - 01/03/1983</subfield>
    <subfield code="l">0</subfield>
    <subfield code="o">H336.71 MET 23</subfield>
    <subfield code="p">R16747</subfield>
    <subfield code="r">2026-04-10 16:09:18</subfield>
    <subfield code="w">2026-04-10</subfield>
    <subfield code="y">RN</subfield>
  </datafield>
  <datafield tag="952" ind1=" " ind2=" ">
    <subfield code="0">0</subfield>
    <subfield code="1">0</subfield>
    <subfield code="4">0</subfield>
    <subfield code="7">0</subfield>
    <subfield code="a">BCEJYS</subfield>
    <subfield code="b">BCEJYS</subfield>
    <subfield code="c">17</subfield>
    <subfield code="d">1982-12-01</subfield>
    <subfield code="h">N&#xBA; 22 - dic. 1982</subfield>
    <subfield code="l">0</subfield>
    <subfield code="o">H336.71 MET 22</subfield>
    <subfield code="p">R16746</subfield>
    <subfield code="r">2026-04-10 16:09:18</subfield>
    <subfield code="w">2026-04-10</subfield>
    <subfield code="y">RN</subfield>
  </datafield>
  <datafield tag="952" ind1=" " ind2=" ">
    <subfield code="0">0</subfield>
    <subfield code="1">0</subfield>
    <subfield code="4">0</subfield>
    <subfield code="7">0</subfield>
    <subfield code="a">BCEJYS</subfield>
    <subfield code="b">BCEJYS</subfield>
    <subfield code="c">17</subfield>
    <subfield code="d">1982-10-01</subfield>
    <subfield code="h">N&#xBA; 21 - oct. 1982</subfield>
    <subfield code="l">0</subfield>
    <subfield code="o">H336.71 MET 21</subfield>
    <subfield code="p">R16745</subfield>
    <subfield code="r">2026-04-10 16:09:18</subfield>
    <subfield code="w">2026-04-10</subfield>
    <subfield code="y">RN</subfield>
  </datafield>
  <datafield tag="952" ind1=" " ind2=" ">
    <subfield code="0">0</subfield>
    <subfield code="1">0</subfield>
    <subfield code="4">0</subfield>
    <subfield code="7">0</subfield>
    <subfield code="a">BCEJYS</subfield>
    <subfield code="b">BCEJYS</subfield>
    <subfield code="c">17</subfield>
    <subfield code="d">1982-06-01</subfield>
    <subfield code="h">N&#xBA; 20 - jun. 1982</subfield>
    <subfield code="l">0</subfield>
    <subfield code="o">H336.71 MET 20</subfield>
    <subfield code="p">R16778</subfield>
    <subfield code="r">2026-04-10 16:09:18</subfield>
    <subfield code="w">2026-04-10</subfield>
    <subfield code="y">RN</subfield>
  </datafield>
  <datafield tag="952" ind1=" " ind2=" ">
    <subfield code="0">0</subfield>
    <subfield code="1">0</subfield>
    <subfield code="4">0</subfield>
    <subfield code="7">0</subfield>
    <subfield code="a">BCEJYS</subfield>
    <subfield code="b">BCEJYS</subfield>
    <subfield code="c">17</subfield>
    <subfield code="d">1982-05-01</subfield>
    <subfield code="h">N&#xBA; 19 - mayo 1982</subfield>
    <subfield code="l">0</subfield>
    <subfield code="o">H336.71 MET 19</subfield>
    <subfield code="p">R16727</subfield>
    <subfield code="r">2026-04-10 16:09:18</subfield>
    <subfield code="w">2026-04-10</subfield>
    <subfield code="y">RN</subfield>
  </datafield>
  <datafield tag="952" ind1=" " ind2=" ">
    <subfield code="0">0</subfield>
    <subfield code="1">0</subfield>
    <subfield code="4">0</subfield>
    <subfield code="7">0</subfield>
    <subfield code="a">BCEJYS</subfield>
    <subfield code="b">BCEJYS</subfield>
    <subfield code="c">17</subfield>
    <subfield code="d">1981-10-01</subfield>
    <subfield code="h">N&#xBA; 18 - oct. 1981</subfield>
    <subfield code="l">0</subfield>
    <subfield code="o">H336.71 MET 18</subfield>
    <subfield code="p">R16726</subfield>
    <subfield code="r">2026-04-10 16:09:18</subfield>
    <subfield code="w">2026-04-10</subfield>
    <subfield code="y">RN</subfield>
  </datafield>
  <datafield tag="952" ind1=" " ind2=" ">
    <subfield code="0">0</subfield>
    <subfield code="1">0</subfield>
    <subfield code="4">0</subfield>
    <subfield code="7">0</subfield>
    <subfield code="a">BCEJYS</subfield>
    <subfield code="b">BCEJYS</subfield>
    <subfield code="c">17</subfield>
    <subfield code="d">1981-09-01</subfield>
    <subfield code="h">N&#xBA; 17 - sep. 1981</subfield>
    <subfield code="l">0</subfield>
    <subfield code="o">H336.71 MET 17</subfield>
    <subfield code="p">R16725</subfield>
    <subfield code="r">2026-04-10 16:09:18</subfield>
    <subfield code="w">2026-04-10</subfield>
    <subfield code="y">RN</subfield>
  </datafield>
  <datafield tag="952" ind1=" " ind2=" ">
    <subfield code="0">0</subfield>
    <subfield code="1">0</subfield>
    <subfield code="4">0</subfield>
    <subfield code="7">0</subfield>
    <subfield code="a">BCEJYS</subfield>
    <subfield code="b">BCEJYS</subfield>
    <subfield code="c">17</subfield>
    <subfield code="d">1981-07-01</subfield>
    <subfield code="h">N&#xBA; 16 - jul. 1981</subfield>
    <subfield code="l">0</subfield>
    <subfield code="o">H336.71 MET 16</subfield>
    <subfield code="p">R16724</subfield>
    <subfield code="r">2026-04-10 16:09:18</subfield>
    <subfield code="w">2026-04-10</subfield>
    <subfield code="y">RN</subfield>
  </datafield>
  <datafield tag="952" ind1=" " ind2=" ">
    <subfield code="0">0</subfield>
    <subfield code="1">0</subfield>
    <subfield code="4">0</subfield>
    <subfield code="7">0</subfield>
    <subfield code="a">BCEJYS</subfield>
    <subfield code="b">BCEJYS</subfield>
    <subfield code="c">17</subfield>
    <subfield code="d">1981-04-01</subfield>
    <subfield code="h">N&#xBA; 15 - abr. 1981</subfield>
    <subfield code="l">0</subfield>
    <subfield code="o">H336.71 MET 15</subfield>
    <subfield code="p">R16723</subfield>
    <subfield code="r">2026-04-10 16:09:18</subfield>
    <subfield code="w">2026-04-10</subfield>
    <subfield code="y">RN</subfield>
  </datafield>
  <datafield tag="952" ind1=" " ind2=" ">
    <subfield code="0">0</subfield>
    <subfield code="1">0</subfield>
    <subfield code="4">0</subfield>
    <subfield code="7">0</subfield>
    <subfield code="a">BCEJYS</subfield>
    <subfield code="b">BCEJYS</subfield>
    <subfield code="c">17</subfield>
    <subfield code="d">1981-03-01</subfield>
    <subfield code="h">N&#xBA; 14 - mar. 1981</subfield>
    <subfield code="l">0</subfield>
    <subfield code="o">H336.71 MET 14</subfield>
    <subfield code="p">R16722</subfield>
    <subfield code="r">2026-04-10 16:09:18</subfield>
    <subfield code="w">2026-04-10</subfield>
    <subfield code="y">RN</subfield>
  </datafield>
  <datafield tag="952" ind1=" " ind2=" ">
    <subfield code="0">0</subfield>
    <subfield code="1">0</subfield>
    <subfield code="4">0</subfield>
    <subfield code="7">0</subfield>
    <subfield code="a">BCEJYS</subfield>
    <subfield code="b">BCEJYS</subfield>
    <subfield code="c">17</subfield>
    <subfield code="d">1981-01-01</subfield>
    <subfield code="h">N&#xBA; 13 - ene. 1981</subfield>
    <subfield code="l">0</subfield>
    <subfield code="o">H336.71 MET 13</subfield>
    <subfield code="p">R16721</subfield>
    <subfield code="r">2026-04-10 16:09:18</subfield>
    <subfield code="w">2026-04-10</subfield>
    <subfield code="y">RN</subfield>
  </datafield>
  <datafield tag="952" ind1=" " ind2=" ">
    <subfield code="0">0</subfield>
    <subfield code="1">0</subfield>
    <subfield code="4">0</subfield>
    <subfield code="7">0</subfield>
    <subfield code="a">BCEJYS</subfield>
    <subfield code="b">BCEJYS</subfield>
    <subfield code="c">17</subfield>
    <subfield code="d">1980-12-03</subfield>
    <subfield code="h">N&#xBA; 12 - dic. 1980</subfield>
    <subfield code="l">0</subfield>
    <subfield code="o">H336.71 MET 12</subfield>
    <subfield code="p">R19919</subfield>
    <subfield code="r">2026-04-10 16:09:18</subfield>
    <subfield code="w">2026-04-10</subfield>
    <subfield code="y">RN</subfield>
  </datafield>
  <datafield tag="952" ind1=" " ind2=" ">
    <subfield code="0">0</subfield>
    <subfield code="1">0</subfield>
    <subfield code="4">0</subfield>
    <subfield code="7">0</subfield>
    <subfield code="a">BCEJYS</subfield>
    <subfield code="b">BCEJYS</subfield>
    <subfield code="c">17</subfield>
    <subfield code="d">1980-12-02</subfield>
    <subfield code="h">N&#xBA; 11 - dic. 1980</subfield>
    <subfield code="l">0</subfield>
    <subfield code="o">H336.71 MET 11</subfield>
    <subfield code="p">R19918</subfield>
    <subfield code="r">2026-04-10 16:09:18</subfield>
    <subfield code="w">2026-04-10</subfield>
    <subfield code="y">RN</subfield>
  </datafield>
  <datafield tag="952" ind1=" " ind2=" ">
    <subfield code="0">0</subfield>
    <subfield code="1">0</subfield>
    <subfield code="4">0</subfield>
    <subfield code="7">0</subfield>
    <subfield code="a">BCEJYS</subfield>
    <subfield code="b">BCEJYS</subfield>
    <subfield code="c">17</subfield>
    <subfield code="d">1980-12-01</subfield>
    <subfield code="h">N&#xBA; 10 - dic. 1980</subfield>
    <subfield code="l">0</subfield>
    <subfield code="o">H336.71 MET 10</subfield>
    <subfield code="p">R16720</subfield>
    <subfield code="r">2026-04-10 16:09:18</subfield>
    <subfield code="w">2026-04-10</subfield>
    <subfield code="y">RN</subfield>
  </datafield>
  <datafield tag="952" ind1=" " ind2=" ">
    <subfield code="0">0</subfield>
    <subfield code="1">0</subfield>
    <subfield code="4">0</subfield>
    <subfield code="7">0</subfield>
    <subfield code="a">BCEJYS</subfield>
    <subfield code="b">BCEJYS</subfield>
    <subfield code="c">17</subfield>
    <subfield code="d">1980-09-01</subfield>
    <subfield code="h">N&#xBA; 9 - sep. 1980</subfield>
    <subfield code="l">0</subfield>
    <subfield code="o">H336.71 MET 9</subfield>
    <subfield code="p">R16719</subfield>
    <subfield code="r">2026-04-10 16:09:18</subfield>
    <subfield code="w">2026-04-10</subfield>
    <subfield code="y">RN</subfield>
  </datafield>
  <datafield tag="952" ind1=" " ind2=" ">
    <subfield code="0">0</subfield>
    <subfield code="1">0</subfield>
    <subfield code="4">0</subfield>
    <subfield code="7">0</subfield>
    <subfield code="a">BCEJYS</subfield>
    <subfield code="b">BCEJYS</subfield>
    <subfield code="c">17</subfield>
    <subfield code="d">1980-08-01</subfield>
    <subfield code="h">N&#xBA; 8 - ago. 1980</subfield>
    <subfield code="l">0</subfield>
    <subfield code="o">H336.71 MET 8</subfield>
    <subfield code="p">R16718</subfield>
    <subfield code="r">2026-04-10 16:09:18</subfield>
    <subfield code="w">2026-04-10</subfield>
    <subfield code="y">RN</subfield>
  </datafield>
  <datafield tag="952" ind1=" " ind2=" ">
    <subfield code="0">0</subfield>
    <subfield code="1">0</subfield>
    <subfield code="4">0</subfield>
    <subfield code="7">0</subfield>
    <subfield code="a">BCEJYS</subfield>
    <subfield code="b">BCEJYS</subfield>
    <subfield code="c">17</subfield>
    <subfield code="d">1980-02-01</subfield>
    <subfield code="h">N&#xBA; 7 - feb. 1980</subfield>
    <subfield code="l">0</subfield>
    <subfield code="o">H336.71 MET 7</subfield>
    <subfield code="p">R16717</subfield>
    <subfield code="r">2026-04-10 16:09:18</subfield>
    <subfield code="w">2026-04-10</subfield>
    <subfield code="y">RN</subfield>
  </datafield>
  <datafield tag="952" ind1=" " ind2=" ">
    <subfield code="0">0</subfield>
    <subfield code="1">0</subfield>
    <subfield code="4">0</subfield>
    <subfield code="7">0</subfield>
    <subfield code="a">BCEJYS</subfield>
    <subfield code="b">BCEJYS</subfield>
    <subfield code="c">17</subfield>
    <subfield code="d">1980-01-01</subfield>
    <subfield code="h">N&#xBA; 6 - ene. 1980</subfield>
    <subfield code="l">0</subfield>
    <subfield code="o">H336.71 MET 6</subfield>
    <subfield code="p">R16703</subfield>
    <subfield code="r">2026-04-10 16:09:18</subfield>
    <subfield code="w">2026-04-10</subfield>
    <subfield code="y">RN</subfield>
  </datafield>
  <datafield tag="952" ind1=" " ind2=" ">
    <subfield code="0">0</subfield>
    <subfield code="1">0</subfield>
    <subfield code="4">0</subfield>
    <subfield code="7">0</subfield>
    <subfield code="a">BCEJYS</subfield>
    <subfield code="b">BCEJYS</subfield>
    <subfield code="c">17</subfield>
    <subfield code="d">1979-11-01</subfield>
    <subfield code="h">N&#xBA; 4 - nov. 1979</subfield>
    <subfield code="l">0</subfield>
    <subfield code="o">H336.71 MET 4</subfield>
    <subfield code="p">R16702</subfield>
    <subfield code="r">2026-04-10 16:09:18</subfield>
    <subfield code="w">2026-04-10</subfield>
    <subfield code="y">RN</subfield>
  </datafield>
  <datafield tag="952" ind1=" " ind2=" ">
    <subfield code="0">0</subfield>
    <subfield code="1">0</subfield>
    <subfield code="4">0</subfield>
    <subfield code="7">0</subfield>
    <subfield code="a">BCEJYS</subfield>
    <subfield code="b">BCEJYS</subfield>
    <subfield code="c">17</subfield>
    <subfield code="d">1979-10-01</subfield>
    <subfield code="h">N&#xBA; 3 - oct. 1979</subfield>
    <subfield code="l">0</subfield>
    <subfield code="o">H336.71 MET 3</subfield>
    <subfield code="p">R16777</subfield>
    <subfield code="r">2026-04-10 16:09:18</subfield>
    <subfield code="w">2026-04-10</subfield>
    <subfield code="y">RN</subfield>
  </datafield>
  <datafield tag="952" ind1=" " ind2=" ">
    <subfield code="0">0</subfield>
    <subfield code="1">0</subfield>
    <subfield code="4">0</subfield>
    <subfield code="7">0</subfield>
    <subfield code="a">BCEJYS</subfield>
    <subfield code="b">BCEJYS</subfield>
    <subfield code="c">17</subfield>
    <subfield code="d">1979-08-01</subfield>
    <subfield code="h">N&#xBA; 2 - ago. 1979</subfield>
    <subfield code="l">0</subfield>
    <subfield code="o">H336.71 MET 2</subfield>
    <subfield code="p">R16695</subfield>
    <subfield code="r">2026-04-10 16:09:18</subfield>
    <subfield code="w">2026-04-10</subfield>
    <subfield code="y">RN</subfield>
  </datafield>
  <datafield tag="952" ind1=" " ind2=" ">
    <subfield code="0">0</subfield>
    <subfield code="1">0</subfield>
    <subfield code="4">0</subfield>
    <subfield code="7">0</subfield>
    <subfield code="a">BCEJYS</subfield>
    <subfield code="b">BCEJYS</subfield>
    <subfield code="c">17</subfield>
    <subfield code="d">1979-06-01</subfield>
    <subfield code="h">N&#xBA; 1 - jun. 1979</subfield>
    <subfield code="l">0</subfield>
    <subfield code="o">H336.71 MET 1</subfield>
    <subfield code="p">R16657</subfield>
    <subfield code="r">2026-04-10 16:09:18</subfield>
    <subfield code="w">2026-04-10</subfield>
    <subfield code="y">RN</subfield>
  </datafield>
</record>
